La primera navidad de Clifford / (Record no. 18972)

MARC details
000 -LEADER
fixed length control field 01518nam a22003375 4500
001 - CONTROL NUMBER
control field sjds1508893
003 - CONTROL NUMBER IDENTIFIER
control field sjds
005 - DATE AND TIME OF LATEST TRANSACTION
control field 20240317194958.0
008 - FIXED-LENGTH DATA ELEMENTS--GENERAL INFORMATION
fixed length control field 060619s1994 j 1 spa
010 ## - LIBRARY OF CONGRESS CONTROL NUMBER
LC control number BD 95643040
020 ## - INTERNATIONAL STANDARD BOOK NUMBER
International Standard Book Number 059048852X (pbk.) ;
Terms of availability 3.50
020 ## - INTERNATIONAL STANDARD BOOK NUMBER
International Standard Book Number 9780590488525 (pbk)
035 ## - SYSTEM CONTROL NUMBER
System control number 48044814
035 ## - SYSTEM CONTROL NUMBER
System control number 48044814
040 ## - CATALOGING SOURCE
Transcribing agency sjds
041 ## - LANGUAGE CODE
Language code of text/sound track or separate title spa
Language code of original eng
100 1# - MAIN ENTRY--PERSONAL NAME
Personal name Bridwell, Norman.
245 10 - TITLE STATEMENT
Title La primera navidad de Clifford /
Statement of responsibility, etc. Norman Bridwell.
260 ## - PUBLICATION, DISTRIBUTION, ETC. (IMPRINT)
Place of publication, distribution, etc. New York :
Name of publisher, distributor, etc. Scholastic,
Date of publication, distribution, etc. c1994.
300 ## - PHYSICAL DESCRIPTION
Extent 1 volume (unpaged) :
Other physical details colored illustrations ;
Dimensions 21 cm
440 ## - SERIES STATEMENT/ADDED ENTRY--TITLE
Title Clifford : el gran perro colorado
500 ## - GENERAL NOTE
General note Brodart Bibz On-Order Record
942 ## - ADDED ENTRY ELEMENTS (KOHA)
Koha item type Libro/Book
Holdings
Withdrawn status Lost status Damaged status Not for loan Home library Current library Date acquired Total Checkouts Barcode Checked out Date last seen Date checked out Price effective from Koha item type
        San Juan Del Sur -- Mobile Tortuga 04/03/2024 3 33016136 05/09/2024 01/08/2024 01/08/2024 04/03/2024 Libro/Book

Powered by Koha